000 00410nam a2200169Ia 4500
001 14626
003 IN-NITTTR
005 20251114233137.0
008 251113s9999||||xx |||||||||||||| ||eng||
040 _beng
040 _cIN-NITTTR
041 _aeng
082 _a005.3 A33S
100 _aAnderson, Eric
245 0 _aSoftware construction set for the IBM PC and PCjr /
_cAnderson, Eric
942 _2ddc
_cBK
999 _c17262
_d17262